logo

Bir Sreshtho Munshi Abdur Rouf Library
Jhenaidah Cadet College

A first course in college mathematics / (Record no. 5741)

MARC details
000 -LEADER
fixed length control field 00753nam a2200277 a 4500
001 - CONTROL NUMBER
JCCL Control Number 5741
003 - CONTROL NUMBER IDENTIFIER
JCCL marc code BD-JhCC
005 - DATE AND TIME OF LATEST TRANSACTION
control field 20171220180950.0
008 - FIXED-LENGTH DATA ELEMENTS--GENERAL INFORMATION
fixed length control field 171220s1980 maua 001 0 eng d
020 ## - INTERNATIONAL STANDARD BOOK NUMBER
International Standard Book Number 0871502852
035 ## - SYSTEM CONTROL NUMBER
system control number (BD-JhCC)5741
040 ## - CATALOGING SOURCE
Original cataloging agency BD-JhCC
Transcribing agency DLC
Modifying agency BD-JhCC
041 ## - LANGUAGE CODE
Language code of Book eng
050 00 - LIBRARY OF CONGRESS CALL NUMBER
Classification number QA107
Item number .W54 1980
082 00 - DEWEY DECIMAL CLASSIFICATION NUMBER
Classification number 513/.132
Author mark and Year WILL 1980
100 1# - MAIN ENTRY--PERSONAL NAME
Personal name Willerding, Margaret F.
245 12 - TITLE STATEMENT
Title A first course in college mathematics /
Statement of responsibility, etc Margaret F. Willerding.
250 ## - EDITION STATEMENT
Edition statement 4th ed.
260 ## - PUBLICATION, DISTRIBUTION, ETC. (IMPRINT)
Place of publication, distribution, etc Boston, Mass. :
Name of publisher, distributor, etc Prindle, Weber & Schmidt,
Date of publication, distribution, etc c1980.
300 ## - PHYSICAL DESCRIPTION
Pagination viii, 408 p. :
Other physical details ill. ;
Dimensions 24 cm.
500 ## - GENERAL NOTE
General note Includes index.
504 ## - BIBLIOGRAPHY, ETC. NOTE
Bibliography, etc Includes Index
650 #0 - SUBJECT ADDED ENTRY--TOPICAL TERM
Topical term or geographic name as entry element Arithmetic.
942 ## - ADDED ENTRY ELEMENTS (KOHA)
Source of classification or shelving scheme Dewey Decimal Classification
Koha item type Books
Holdings
Source of classification or shelving scheme Damaged status Not for loan Home library Current library Shelving location Total Checkouts Full call number Barcode Date last seen Copy number Koha item type
Dewey Decimal Classification     JCC Rouf Library JCC Rouf Library General Stacks   513/.132 WILL 1980 7839 12/20/2017 C - 1 Books

JCC Library | Contacts | JCC Home

Last Update on 23 September 2017
Copyright @ 2017-2020 JCC Rouf Library
Rouf Library, Jhenidah Cadet College (JCC), Bangladesh